000 00713cam a22002537a 4500
003 CHAP
005 20220329133747.0
008 971013s r 00010 d
010 _a10489
011 _a11461
035 _a10699
040 _cCHAP
090 _aR-895
100 0 0 _aBailey, Liberty Hyde.
_99445
245 1 4 _aLas palmeras y su utilidad
500 _aSobretiro de: Bol. de la Unión Panamericana 62: 696-708, 1928
590 _aBATCH-UPD
_b10
_c20130110
_lUCH01
_h0155
590 _aBATCH-UPD
_b10
_c20130110
_lUCH01
_h1425
590 _aCONVERSION
_b10
_c20130109
_lUCH01
_h1307
650 1 4 _aPalmas.
_984969
901 _aBK
942 _cREIMP
949 _aR-895
_bBC
_cR
_d-22450
_eTS1
_i10699
_si
999 _c10489
_d10489